Vendet më të afërta me Shqipërinë - Sprint një minutësh - Statistics

General Stats
  • This quiz has been taken 4 times
  • The average score is 13 of 20
Answer Stats
km vend % Correct
0 Greqi
100%
70 Kroacia
100%
0 Mali i Zi
100%
0 Maqedonia e Veriut
100%
266 Rumania
100%
38 Serbia
100%
420 Turqia
100%
532 Austria
50%
148 Bullgaria
50%
698 Çekia
50%
357 Hungaria
50%
73 Italia
50%
0 Kosovë
50%
638 Maltë
50%
587 San Marino
50%
574 Sllovakia
50%
467 Sllovenia
50%
640 Ukrainë
50%
570 Vatikani
50%
76 Bosnja dhe Hercegovina
0%
No matching quizzes found
Score Distribution
Percent of People with Each Score
Percentile by Number Answered
Your Score History
You have not taken this quiz